| 000 | 00872nam a2200265 a 4500 | ||
|---|---|---|---|
| 005 | 20200104041504.0 | ||
| 008 | 160213t1997 ck d gr|||| 00| 0 spa d | ||
| 040 |
_aCO-BoIAVH _cCO-BoIAVH |
||
| 041 | _aspa | ||
| 090 |
_aRE _b00060 |
||
| 100 | 1 | _aUrrego Giraldo, Ligia | |
| 245 | 1 |
_aBosques inundables del medio Caquetá _bcaracterización y sucesión |
|
| 246 |
_aFloodable forests in the middle Caqueta region _bcharacterization and succession |
||
| 260 |
_aBogotá _bTropenbos Colombia _c1997 |
||
| 300 |
_a335 paginas. _bgraficos. ; _c23 x 17 cm. |
||
| 650 | 4 | _aBosques inundables | |
| 650 | 4 | _aEcología forestal | |
| 650 | 6 | _aSuelos | |
| 650 | 4 | _aFitosociología | |
| 650 | 4 | _aSinecología | |
| 650 | 4 | _aPaleoecología | |
| 650 | 6 |
_abiodiversidad _vuso |
|
| 662 |
_aColombia _bCaquetá |
||
| 942 |
_cLIBRO _01 _2z |
||
| 999 |
_c23 _d23 |
||